12 months in 15 seconds - Statistics

General Stats
  • This quiz has been taken 373 times
  • The average score is 7 of 12
Answer Stats
Answer % Correct
January
90%
March
80%
April
76%
June
76%
May
75%
February
70%
July
70%
August
59%
September
43%
October
33%
December
28%
November
24%
No matching quizzes found
Score Distribution
Percent of People with Each Score
Percentile by Number Answered
Your Score History
You have not taken this quiz